| 000 | 00889nam a2200313Ia 4500 | ||
|---|---|---|---|
| 001 | E2495 | ||
| 003 | IT-RoPAU | ||
| 008 | 130308s9999 xx 000 0 und d | ||
| 040 | _aIT-RoPAU | ||
| 040 | _cIT-RoPAU | ||
| 041 | _aFRANCESE | ||
| 100 | _aFerriè Jean-Noel | ||
| 100 | _gCodice Aut. SPICS: 47954 | ||
| 245 | _a"Contre Alloula: le""Harem Colonial"" revisitè" | ||
| 245 | _bImage Dans le monde Arabe (L') | ||
| 250 | _a1a ed. | ||
| 260 | _aPARIS | ||
| 260 | _bCNRS | ||
| 260 | _c1995 [1° Ed.:1995 - Ed.Ling.Originale:1990] | ||
| 300 | _a"6 p. (prefazione: no ; testo: 6 [pagine: 299-304])" | ||
| 500 | _aCartoline Postali di Harem Coloniale. Erotismo per militari e Turisti. | ||
| 650 | _aSEGNOLOGIA | ||
| 650 | _eCodice materia Spics: 3001 | ||
| 700 | _aBoetsch Gilles | ||
| 700 | _gCodice Aut. SPICS: 47955 | ||
| 942 | _cBK | ||
| 957 | _71 | ||
| 999 |
_c95889 _d95889 |
||
| 999 | _g1 | ||